[Event "NZL-ch 118th"]
[Site "Auckland"]
[Date "2011.01.10"]
[Round "9"]
[White "Fuatai, Fuatai"]
[Black "Barlow, Matthew"]
[Result "1/2-1/2"]
[WhiteElo "2015"]
[BlackElo "2140"]
[PlyCount "50"]
[EventDate "2011.01.02"]
[EventType "swiss"]
[EventRounds "11"]
[EventCountry "NZL"]
[SourceTitle "CBM 140 Extra"]
[Source "ChessBase"]
[SourceDate "2011.03.01"]
[SourceVersion "1"]
[SourceVersionDate "2011.03.01"]
[SourceQuality "1"]

1. e4 c5 2. Nf3 e6 3. d4 cxd4 4. Nxd4 a6 5. c4 Nf6 6. Nc3 Qc7 7. a3 Be7 8. Be2 0-0 9. Be3 d6 10. 0-0 b6 11. Rc1 Bb7 12. Bd3 Nbd7 13. Bb1 Rac8 14. f3 Qb8 15. Na4 Ba8 16. b4 Rfe8 17. Qd2 h6 18. Kh1 Bf8 19. Rfd1 Ne5 20. Nb2 d5 21. exd5 exd5 22. cxd5 Nxd5 23. Bf2 Ng6 24. Nf5 Rxc1 25. Rxc1 Qf4 1/2-1/2

[Event "NZL-ch 118th"]
[Site "Auckland"]
[Date "2011.01.09"]
[Round "8"]
[White "Barlow, Matthew"]
[Black "Stuart, Peter W"]
[Result "1/2-1/2"]
[WhiteElo "2140"]
[BlackElo "2025"]
[PlyCount "87"]
[EventDate "2011.01.02"]
[EventType "swiss"]
[EventRounds "11"]
[EventCountry "NZL"]
[SourceTitle "CBM 140 Extra"]
[Source "ChessBase"]
[SourceDate "2011.03.01"]
[SourceVersion "1"]
[SourceVersionDate "2011.03.01"]
[SourceQuality "1"]

1. d4 Nf6 2. c4 e6 3. Nc3 Bb4 4. Qc2 0-0 5. Nf3 b6 6. Bg5 h6 7. Bh4 Bb7 8. Nd2 d5 9. cxd5 exd5 10. e3 Nbd7 11. Be2 c6 12. 0-0 Bd6 13. Rac1 Rc8 14. Nf3 Qc7 15. Bd3 Qb8 16. Bf5 Rce8 17. Rfd1 g5 18. Bg3 Bxg3 19. hxg3 Qd6 20. Qa4 Ra8 21. Bd3 a5 22. Qb3 b5 23. Qc2 Rfe8 24. Bf5 Kg7 25. Ne1 Rab8 26. Nd3 Ba8 27. Ne2 Bb7 28. Bxd7 Nxd7 29. Nc5 Nxc5 30. Qxc5 Qxc5 31. Rxc5 a4 32. Nc1 Rbd8 33. Nd3 Rd6 34. Rdc1 Kf8 35. Ne5 Rc8 36. Kf1 f6 37. Nd3 Ke7 38. Ke2 f5 39. Rh1 Rf8 40. Rcc1 Rff6 41. Kd2 Kd8 42. Kc3 Kc7 43. Kb4 Kb6 44. Ne5 1/2-1/2

[Event "NZL-ch 118th"]
[Site "Auckland"]
[Date "2011.01.08"]
[Round "7"]
[White "Barlow, Matthew"]
[Black "Milligan, Helen"]
[Result "0-1"]
[WhiteElo "2140"]
[BlackElo "2048"]
[PlyCount "84"]
[EventDate "2011.01.02"]
[EventType "swiss"]
[EventRounds "11"]
[EventCountry "NZL"]
[SourceTitle "CBM 140 Extra"]
[Source "ChessBase"]
[SourceDate "2011.03.01"]
[SourceVersion "1"]
[SourceVersionDate "2011.03.01"]
[SourceQuality "1"]

1. d4 Nf6 2. c4 g6 3. Nc3 Bg7 4. e4 d6 5. f3 0-0 6. Be3 e5 7. d5 Nh5 8. Qd2 a5 9. Bd3 Na6 10. Nge2 f5 11. exf5 gxf5 12. 0-0 Nc5 13. Bc2 Bd7 14. f4 e4 15. Nd4 Nf6 16. h3 Qe7 17. Rae1 Kh8 18. Nd1 Qf7 19. Ne2 b5 20. b3 b4 21. Bd4 Nh5 22. Bxg7+ Qxg7 23. Qd4 Rg8 24. Ne3 Ng3 25. Qxg7+ Rxg7 26. Nxg3 Rxg3 27. Kh2 Rag8 28. Re2 h5 29. Rd1 h4 30. Rdd2 R8g7 31. Rd1 Kg8 32. Rdd2 Kf7 33. Rd1 Kf6 34. Rdd2 Be8 35. Re1 Bh5 36. Kh1 Rg8 37. Kh2 R8g7 38. Nf1 Rc3 39. Re3 Rxe3 40. Nxe3 Rg3 41. Bd1 Rxe3 42. Bxh5 Nd3 0-1

[Event "NZL-ch 118th"]
[Site "Auckland"]
[Date "2011.01.04"]
[Round "3"]
[White "Barlow, Matthew"]
[Black "Ansell, Alan"]
[Result "1-0"]
[WhiteElo "2140"]
[BlackElo "2001"]
[PlyCount "93"]
[EventDate "2011.01.02"]
[EventType "swiss"]
[EventRounds "11"]
[EventCountry "NZL"]
[SourceTitle "CBM 140 Extra"]
[Source "ChessBase"]
[SourceDate "2011.03.01"]
[SourceVersion "1"]
[SourceVersionDate "2011.03.01"]
[SourceQuality "1"]

1. d4 Nf6 2. c4 e6 3. Nc3 Bb4 4. Qc2 0-0 5. Nf3 b6 6. e3 Bb7 7. Bd2 d6 8. Be2 Nbd7 9. 0-0 Bxc3 10. Bxc3 Ne4 11. Rfd1 f5 12. b4 Ndf6 13. Bb2 Ng4 14. Rf1 Rf6 15. d5 Rh6 16. h3 exd5 17. Nd4 Qg5 18. Nxf5 Qxf5 19. Bxg4 Qf7 20. cxd5 Bxd5 21. Rac1 c6 22. Ba1 Rf8 23. f3 Ng3 24. Rf2 c5 25. e4 Bb7 26. bxc5 bxc5 27. Qb3 Qxb3 28. axb3 Ba6 29. Rd1 Rb8 30. e5 Ne2+ 31. Kh2 dxe5 32. Bxe5 Re8 33. f4 Nd4 34. Ra2 Rb6 35. Rda1 Nxb3 36. Rxa6 Nxa1 37. Rxa1 a6 38. Rc1 Ra8 39. Rxc5 a5 40. Rc7 a4 41. Rxg7+ Kf8 42. Rxh7 Raa6 43. Be2 Ra5 44. Rh8+ Ke7 45. Bc7 a3 46. Bxb6 a2 47. Bd4 1-0

[Event "NZL-ch 117th"]
[Site "Auckland"]
[Date "2010.01.10"]
[Round "9"]
[White "Barlow, Matthew"]
[Black "Lim, Benjamin U"]
[Result "1-0"]
[WhiteElo "2161"]
[BlackElo "2075"]
[PlyCount "51"]
[EventDate "2010.01.02"]
[EventType "swiss"]
[EventRounds "11"]
[EventCountry "NZL"]
[SourceTitle "CBM 134 Extra"]
[Source "ChessBase"]
[SourceDate "2010.03.03"]
[SourceVersion "1"]
[SourceVersionDate "2010.03.03"]
[SourceQuality "1"]

1. d4 d5 2. c4 c6 3. Nf3 Nf6 4. Nc3 g6 5. Bf4 a6 6. e3 Bg7 7. Bd3 0-0 8. h3 dxc4 9. Bxc4 Nd5 10. Bh2 Nxc3 11. bxc3 Qa5 12. Qd2 e6 13. 0-0 Rd8 14. Qb2 b5 15. Bd3 Bf8 16. a4 b4 17. cxb4 Bxb4 18. Rab1 Bd6 19. Qc2 Qc7 20. Bxd6 Qxd6 21. Ne5 Ra7 22. Rfc1 Bd7 23. Rb6 Be8 24. Rcb1 Rc8 25. Qb3 Qd8 26. Rxb8 1-0

[Event "NZL-ch 117th"]
[Site "Auckland"]
[Date "2010.01.09"]
[Round "8"]
[White "Krstev, Mario"]
[Black "Barlow, Matthew"]
[Result "1/2-1/2"]
[WhiteElo "2103"]
[BlackElo "2161"]
[PlyCount "104"]
[EventDate "2010.01.02"]
[EventType "swiss"]
[EventRounds "11"]
[EventCountry "NZL"]
[SourceTitle "CBM 134 Extra"]
[Source "ChessBase"]
[SourceDate "2010.03.03"]
[SourceVersion "1"]
[SourceVersionDate "2010.03.03"]
[SourceQuality "1"]

1. d4 Nf6 2. c4 e6 3. Nc3 d5 4. Nf3 Bb4 5. e3 0-0 6. a3 Be7 7. Bd3 Nbd7 8. b4 c6 9. 0-0 a6 10. e4 dxe4 11. Nxe4 a5 12. Rb1 Qc7 13. Qc2 h6 14. Re1 b6 15. Ng3 Re8 16. Ne5 Bb7 17. bxa5 Rxa5 18. Nxf7 Kxf7 19. Bg6+ Kf8 20. Bxe8 Kxe8 21. Qg6+ Kf8 22. Rxe6 Bc8 23. Rxe7 Kxe7 24. Qxg7+ Kd8 25. Bxh6 Qd6 26. Bd2 Ra4 27. Qh8+ Qf8 28. Qh4 Kc7 29. Nf5 Kb7 30. c5 Nxc5 31. Ng3 Ncd7 32. Bb4 Qg8 33. Nf5 Ka7 34. Ne7 Qe8 35. Nxc6+ Kb7 36. Rc1 Nd5 37. Nd8+ Ka6 38. h3 Bb7 39. Nxb7 Kxb7 40. Qg3 Ra8 41. Qf3 Qg8 42. Qf5 N7f6 43. g4 Qh7 44. Qxh7+ Nxh7 45. Bd6 Ng5 46. Kg2 Ne4 47. Bb4 Nxb4 48. axb4 Ra2 49. Kf3 Ng5+ 50. Kg2 Ne4 51. Rf1 Kc6 52. Kg1 Kd5 1/2-1/2

[Event "NZL-ch 117th"]
[Site "Auckland"]
[Date "2010.01.08"]
[Round "7"]
[White "Barlow, Matthew"]
[Black "Nijman, Brian"]
[Result "0-1"]
[WhiteElo "2161"]
[BlackElo "2165"]
[PlyCount "96"]
[EventDate "2010.01.02"]
[EventType "swiss"]
[EventRounds "11"]
[EventCountry "NZL"]
[SourceTitle "CBM 134 Extra"]
[Source "ChessBase"]
[SourceDate "2010.03.03"]
[SourceVersion "1"]
[SourceVersionDate "2010.03.03"]
[SourceQuality "1"]

1. d4 e6 2. c4 Bb4+ 3. Nd2 f5 4. Ngf3 Nf6 5. g3 b6 6. Bg2 Bb7 7. 0-0 0-0 8. a3 Bxd2 9. Qxd2 Be4 10. b3 Nc6 11. Bb2 a5 12. Rfd1 a4 13. b4 b5 14. Rac1 bxc4 15. Rxc4 Nd5 16. Bf1 Bxf3 17. exf3 f4 18. Kg2 Nce7 19. Bd3 Nf5 20. Rf1 Nd6 21. Rcc1 Qe8 22. Qc2 Nf5 23. Rce1 Rf6 24. Re5 Qf7 25. Rxd5 exd5 26. Qxc7 fxg3 27. hxg3 Rc6 28. Qe5 g6 29. b5 Re8 30. Qf4 Rf6 31. Qc7 d6 32. Qc6 Ne7 33. Qd7 Rxf3 34. Qxe8+ Qxe8 35. Kxf3 Nc8 36. Bc3 Nb6 37. Re1 Qc8 38. Bb4 Nc4 39. Rc1 Qe6 40. Kg2 Kf7 41. Kg1 h5 42. Bc2 Qg4 43. Rd1 h4 44. Rd3 Qe2 45. Bb1 hxg3 46. fxg3 Ne3 47. Rd2 Qf1+ 48. Kh2 Ng4# 0-1

[Event "NZL-ch 117th"]
[Site "Auckland"]
[Date "2010.01.06"]
[Round "5"]
[White "Barlow, Matthew"]
[Black "Davis, Justin"]
[Result "1/2-1/2"]
[WhiteElo "2161"]
[BlackElo "1939"]
[PlyCount "103"]
[EventDate "2010.01.02"]
[EventType "swiss"]
[EventRounds "11"]
[EventCountry "NZL"]
[SourceTitle "CBM 134 Extra"]
[Source "ChessBase"]
[SourceDate "2010.03.03"]
[SourceVersion "1"]
[SourceVersionDate "2010.03.03"]
[SourceQuality "1"]

1. d4 Nf6 2. c4 e6 3. Nc3 Bb4 4. Qc2 Nc6 5. Nf3 d6 6. e3 0-0 7. Bd2 e5 8. a3 Bxc3 9. Bxc3 exd4 10. Nxd4 Re8 11. Bd3 Ne5 12. 0-0 Nxd3 13. Qxd3 Ne4 14. Be1 Qg5 15. Kh1 Bf5 16. Nxf5 Qxf5 17. Rd1 Qf6 18. b4 Rad8 19. f3 Ng5 20. Bc3 Qh6 21. e4 Ne6 22. Rfe1 Nf4 23. Qd2 Qg5 24. Bd4 Ne6 25. Be3 Qe7 26. Qc2 a6 27. Qd2 Nf8 28. Qd5 b6 29. Bg5 Qd7 30. Bxd8 Rxd8 31. Qd3 Qc6 32. e5 h6 33. Qd5 Qa4 34. exd6 cxd6 35. Rd3 Ne6 36. h3 a5 37. Rb1 Qc2 38. Rbd1 axb4 39. axb4 Ng5 40. Qc6 Qb2 41. Qxb6 Re8 42. Qxd6 Qf2 43. R3d2 Qh4 44. Qd4 Qg3 45. Qd6 Qh4 46. Qd7 Re1+ 47. Rxe1 Qxe1+ 48. Kh2 Qe5+ 49. f4 Qxf4+ 50. Kg1 Qe3+ 51. Kf1 Qf4+ 52. Kg1 1/2-1/2

[Event "NZL-ch 117th"]
[Site "Auckland"]
[Date "2010.01.04"]
[Round "3"]
[White "Barlow, Matthew"]
[Black "Milligan, Helen"]
[Result "0-1"]
[WhiteElo "2161"]
[BlackElo "1972"]
[PlyCount "50"]
[EventDate "2010.01.02"]
[EventType "swiss"]
[EventRounds "11"]
[EventCountry "NZL"]
[SourceTitle "CBM 134 Extra"]
[Source "ChessBase"]
[SourceDate "2010.03.03"]
[SourceVersion "1"]
[SourceVersionDate "2010.03.03"]
[SourceQuality "1"]

1. d4 Nf6 2. c4 e6 3. Nc3 Bb4 4. Qc2 d5 5. a3 Bxc3+ 6. Qxc3 Ne4 7. Qc2 e5 8. dxe5 Bf5 9. Qd1 d4 10. Nf3 c5 11. g3 Nc6 12. Bg2 Qa5+ 13. Nd2 Nxd2 14. Qxd2 Qxd2+ 15. Bxd2 Nxe5 16. Bf4 f6 17. Bxe5 fxe5 18. Bxb7 Rb8 19. Bc6+ Ke7 20. 0-0-0 Rb6 21. Bd5 Rhb8 22. Rd2 Rb3 23. f3 Rxa3 24. Rdd1 Ra1+ 25. Kd2 Rxb2+ 0-1

[Event "NZL-ch 115th"]
[Site "Auckland"]
[Date "2008.01.23"]
[Round "11"]
[White "Barlow, Matthew"]
[Black "Van Riemsdijk, Herman Claudius"]
[Result "1/2-1/2"]
[WhiteElo "2148"]
[BlackElo "2391"]
[PlyCount "99"]
[EventDate "2008.01.15"]
[EventType "swiss"]
[EventRounds "11"]
[EventCountry "NZL"]
[SourceTitle "CBM 122 Extra"]
[Source "ChessBase"]
[SourceDate "2008.03.04"]
[SourceVersion "1"]
[SourceVersionDate "2008.03.04"]
[SourceQuality "1"]

1. d4 c5 2. d5 Nf6 3. c4 b5 4. cxb5 a6 5. bxa6 g6 6. Nc3 Bxa6 7. g3 d6 8. Bg2 Bg7 9. Nf3 Nbd7 10. 0-0 0-0 11. Rb1 Qa5 12. Qc2 Rfb8 13. b3 Ne8 14. Bb2 Nc7 15. a4 c4 16. Ba1 cxb3 17. Rxb3 Nc5 18. Rbb1 Bc8 19. Rfd1 Rxb1 20. Rxb1 Bd7 21. Nd2 Nxa4 22. Nc4 Qc5 23. Ne4 Qa7 24. Bxg7 Kxg7 25. Ne3 Nb5 26. Ra1 Qd4 27. Qd1 Qxd1+ 28. Nxd1 Nc7 29. Rc1 Ra7 30. Ne3 f5 31. Nc3 Nc5 32. f4 Kf6 33. Kf2 Ra3 34. Bf3 Bc8 35. Nc4 Rb3 36. Rc2 Ba6 37. Na5 Ra3 38. Nc6 Bc4 39. Nb1 Ra4 40. Nc3 Ra1 41. Nd4 Ba6 42. Ra2 Rc1 43. Rc2 Ra1 44. Ra2 Rxa2 45. Nxa2 Bc4 46. Nc3 Nd7 47. Nc6 Nb6 48. Nb4 Kf7 49. Ke3 Ba6 50. Kd4 1/2-1/2

[Event "NZL-ch 115th"]
[Site "Auckland"]
[Date "2008.01.19"]
[Round "7"]
[White "Barlow, Matthew"]
[Black "Stuart, Peter W"]
[Result "1/2-1/2"]
[WhiteElo "2148"]
[BlackElo "2114"]
[PlyCount "27"]
[EventDate "2008.01.15"]
[EventType "swiss"]
[EventRounds "11"]
[EventCountry "NZL"]
[SourceTitle "CBM 122 Extra"]
[Source "ChessBase"]
[SourceDate "2008.03.04"]
[SourceVersion "1"]
[SourceVersionDate "2008.03.04"]
[SourceQuality "1"]

1. d4 Nf6 2. c4 e6 3. Nc3 Bb4 4. Qc2 c5 5. dxc5 Bxc5 6. Nf3 Qb6 7. e3 Qc7 8. Be2 a6 9. 0-0 Be7 10. b3 b6 11. Bb2 Bb7 12. h3 d6 13. Rac1 Nbd7 14. Rfd1 1/2-1/2

[Event "NZL-ch108 0010"]
[Site "New Zeeland"]
[Date "2001.01.02"]
[Round "3"]
[White "Green, Peter"]
[Black "Barlow, Matthew"]
[Result "1/2-1/2"]
[WhiteElo "2239"]
[BlackElo "2166"]
[PlyCount "63"]
[EventDate "2000.12.??"]
[EventType "swiss"]
[EventRounds "9"]
[EventCountry "NZL"]
[SourceTitle "CBM 079 Extra"]
[Source "ChessBase"]
[SourceDate "2001.01.11"]
[SourceVersion "2"]
[SourceVersionDate "2001.01.25"]
[SourceQuality "1"]

1. d4 Nf6 2. c4 e6 3. Nc3 Bb4 4. Qc2 c5 5. dxc5 Bxc5 6. Nf3 Be7 7. e4 d6 8. Be2 a6 9. 0-0 Qc7 10. Bf4 Nbd7 11. Rfd1 0-0 12. Qd2 Ne5 13. Nxe5 dxe5 14. Be3 Bd7 15. Rac1 Rfd8 16. Qc2 b6 17. a3 Qb7 18. b4 Bc6 19. f3 Nh5 20. Rxd8+ Bxd8 21. Rd1 g6 22. Bf1 f5 23. c5 b5 24. Qb3 Ng7 25. Bd3 Kh8 26. Bb1 Be7 27. Qc2 Rd8 28. Rxd8+ Bxd8 29. Qd3 Qd7 30. Qxd7 Bxd7 31. Bd3 Ne8 32. Kf1 1/2-1/2

[Event "NZL-ch108 0010"]
[Site "New Zeeland"]
[Date "2000.12.30"]
[Round "1"]
[White "Garbett, Paul Anthony"]
[Black "Barlow, Matthew"]
[Result "1-0"]
[WhiteElo "2368"]
[BlackElo "2166"]
[PlyCount "85"]
[EventDate "2000.12.??"]
[EventType "swiss"]
[EventRounds "9"]
[EventCountry "NZL"]
[SourceTitle "CBM 079 Extra"]
[Source "ChessBase"]
[SourceDate "2001.01.11"]
[SourceVersion "2"]
[SourceVersionDate "2001.01.25"]
[SourceQuality "1"]

1. e4 c5 2. Nf3 e6 3. d4 cxd4 4. Nxd4 a6 5. Bd3 Nf6 6. 0-0 Qc7 7. Kh1 Nc6 8. Nxc6 bxc6 9. c4 d5 10. Nd2 Be7 11. Qe2 0-0 12. e5 Nd7 13. f4 g6 14. b3 a5 15. Bb2 Nc5 16. Bc2 Rb8 17. Qe3 Ba6 18. Rab1 Rfe8 19. Rfc1 Qd8 20. Bd4 Nd7 21. c5 Qc7 22. Qc3 Ra8 23. Bd1 Reb8 24. Qe3 Qa7 25. Rc3 Rb4 26. Rbc1 Rbb8 27. Bg4 Nf8 28. Bh3 Bc8 29. a3 Rb5 30. g4 Bd8 31. Rf1 Rb7 32. Rg1 Re7 33. f5 exf5 34. gxf5 f6 35. fxg6 hxg6 36. Bxc8 Rxc8 37. Qh3 Qd7 38. exf6 Qxh3 39. Rxh3 Rf7 40. Rf3 Rcc7 41. Rf4 Ne6 42. Rh4 g5 43. Rh6 1-0

[Event "NZL-ch 107th"]
[Site "Auckland"]
[Date "2000.01.08"]
[Round "11"]
[White "Sermek, Drazen"]
[Black "Barlow, Matthew"]
[Result "1-0"]
[WhiteElo "2545"]
[BlackElo "2155"]
[PlyCount "74"]
[EventDate "1999.12.28"]
[EventType "swiss"]
[EventRounds "11"]
[EventCountry "NZL"]
[SourceTitle "CBM 074 Extra"]
[Source "ChessBase"]
[SourceDate "2000.03.10"]
[SourceVersion "2"]
[SourceVersionDate "2000.03.10"]
[SourceQuality "1"]

1. e4 c5 2. c3 d5 3. exd5 Qxd5 4. d4 e6 5. Nf3 Nf6 6. Be3 cxd4 7. cxd4 Be7 8. Nc3 Qd8 9. Bc4 0-0 10. 0-0 Nbd7 11. Bb3 Nb6 12. Ne5 Nbd5 13. Qf3 Qd6 14. Bg5 Rd8 15. Rfe1 Nxc3 16. bxc3 Qc7 17. Rad1 Rf8 18. Rd3 a5 19. c4 a4 20. Bc2 Nd5 21. Bxe7 Nxe7 22. Rde3 g6 23. Qf6 Nf5 24. Bxf5 exf5 25. Qh4 Qd8 26. Qh6 Qf6 27. Nxf7 Qg7 28. Qxg7+ Kxg7 29. Ng5 h6 30. Re7+ Kg8 31. Nf3 Ra6 32. d5 Rd6 33. Ne5 g5 34. f4 b5 35. cxb5 Rxd5 36. Rc7 gxf4 37. Ng6 Rf7 1-0

[Event "NZL-ch 107th"]
[Site "Auckland"]
[Date "2000.01.07"]
[Round "10"]
[White "Barlow, Matthew"]
[Black "Bjelobrk, Igor"]
[Result "1-0"]
[WhiteElo "2155"]
[BlackElo "2112"]
[PlyCount "115"]
[EventDate "1999.12.28"]
[EventType "swiss"]
[EventRounds "11"]
[EventCountry "NZL"]
[SourceTitle "CBM 074 Extra"]
[Source "ChessBase"]
[SourceDate "2000.03.10"]
[SourceVersion "2"]
[SourceVersionDate "2000.03.10"]
[SourceQuality "1"]

1. d4 g6 2. c4 Bg7 3. e4 Nc6 4. Be3 e5 5. d5 Nd4 6. Ne2 c5 7. dxc6 dxc6 8. Nxd4 exd4 9. Bc1 Nf6 10. Bd3 0-0 11. 0-0 Ng4 12. h3 Ne5 13. f4 Nxd3 14. Qxd3 f5 15. e5 c5 16. Na3 a6 17. Nc2 Qc7 18. Ne1 b6 19. Qe2 Bb7 20. Nd3 b5 21. b3 Rfe8 22. Bd2 Bf8 23. Rac1 b4 24. a4 Qc6 25. Kh2 Be7 26. Rg1 Rf8 27. Rcf1 Rac8 28. Rd1 Kf7 29. Bc1 Ke6 30. Kg3 Kd7 31. Kf2 Kc7 32. Ke1 Bh4+ 33. g3 Be7 34. Kd2 Kb6 35. Kc2 Qc7 36. g4 Bh4 37. Bd2 Be4 38. Rdf1 a5 39. Be1 Qe7 40. g5 Bxe1 41. Rxe1 Rh8 42. Kd2 h6 43. Nf2 Bc6 44. Rg3 hxg5 45. Rxg5 Rh4 46. Rxg6 Rxf4 47. Nd3 Rh4 48. Qf2 Rxh3 49. Nf4 Qh7 50. Nd5+ Kb7 51. Qxf5 Rxb3 52. Reg1 Qh2+ 53. Kd1 Qa2 54. Qxc8+ Kxc8 55. Rxc6+ Kd7 56. Rg7+ Kd8 57. Rd6+ Ke8 58. Re7+ 1-0

[Event "NZL-ch active"]
[Site "Auckland"]
[Date "2000.??.??"]
[Round "9"]
[White "Van Riemsdijk, Herman Claudius"]
[Black "Barlow, Matthew"]
[Result "1/2-1/2"]
[WhiteElo "2409"]
[BlackElo "2155"]
[PlyCount "24"]
[EventDate "2000.01.09"]
[EventType "swiss (rapid)"]
[EventRounds "9"]
[EventCountry "NZL"]
[SourceTitle "EXT 2001"]
[Source "ChessBase"]
[SourceDate "2000.11.22"]
[SourceVersion "1"]
[SourceVersionDate "2000.11.22"]
[SourceQuality "1"]

1. e4 c5 2. Nf3 e6 3. d4 cxd4 4. Nxd4 a6 5. Nc3 Qc7 6. g3 Nf6 7. Bg2 Be7 8. 0-0 0-0 9. Re1 d6 10. Qd2 Nc6 11. Nxc6 bxc6 12. Na4 d5 1/2-1/2

[Event "NZL-ch105"]
[Site "Hamilton"]
[Date "1998.??.??"]
[Round "10.7"]
[White "Barlow, Matthew"]
[Black "Spain, Graeme"]
[Result "0-1"]
[WhiteElo "2170"]
[BlackElo "2215"]
[PlyCount "38"]
[EventDate "1998.01.09"]
[EventType "swiss"]
[EventRounds "11"]
[EventCountry "NZL"]
[SourceTitle "EXT 1999"]
[Source "ChessBase"]
[SourceDate "1998.11.16"]
[SourceVersion "1"]
[SourceVersionDate "1998.11.16"]
[SourceQuality "1"]

1. d4 d5 2. Nf3 Nc6 3. g3 Bg4 4. Bg2 e6 5. 0-0 Nge7 6. b3 Bxf3 7. exf3 g6 8. Bb2 Bg7 9. f4 0-0 10. c3 Nf5 11. Nd2 Nce7 12. Nf3 Rc8 13. Ne5 b6 14. c4 dxc4 15. bxc4 c5 16. dxc5 Rxc5 17. Ba3 Bxe5 18. Bxc5 Bxa1 19. Qxa1 bxc5 0-1

[Event "NZL-ch105"]
[Site "Hamilton"]
[Date "1998.??.??"]
[Round "6.6"]
[White "Guthrie, David"]
[Black "Barlow, Matthew"]
[Result "1/2-1/2"]
[WhiteElo "2125"]
[BlackElo "2170"]
[PlyCount "77"]
[EventDate "1998.01.09"]
[EventType "swiss"]
[EventRounds "11"]
[EventCountry "NZL"]
[SourceTitle "EXT 1999"]
[Source "ChessBase"]
[SourceDate "1998.11.16"]
[SourceVersion "1"]
[SourceVersionDate "1998.11.16"]
[SourceQuality "1"]

1. d4 Nf6 2. c4 e6 3. Nf3 Bb4+ 4. Bd2 Qe7 5. g3 0-0 6. Nc3 Bxc3 7. Bxc3 Ne4 8. Rc1 Nxc3 9. Rxc3 d6 10. Bg2 e5 11. 0-0 Nc6 12. d5 Nb8 13. Qc2 b6 14. b4 Nd7 15. e4 Bb7 16. Rc1 a5 17. a3 axb4 18. axb4 g6 19. Bh3 Bc8 20. Nd2 Nf6 21. Bxc8 Rfxc8 22. c5 bxc5 23. bxc5 Rd8 24. Kg2 Nh5 25. Nf3 Ng7 26. cxd6 cxd6 27. Rc7 Rd7 28. h4 Rad8 29. Qc6 Rxc7 30. Qxc7 Rd7 31. Qb8+ Rd8 32. Qb6 Ne8 33. Ra1 Qc7 34. Qe3 Qe7 35. Ra7 Rd7 36. Ra8 Rd8 37. Ra7 Rd7 38. Ra8 Rd8 39. Ra7 1/2-1/2

[Event "NZL-ch105"]
[Site "Hamilton"]
[Date "1998.??.??"]
[Round "4.3"]
[White "Kulashko, Aleksei"]
[Black "Barlow, Matthew"]
[Result "1-0"]
[WhiteElo "2390"]
[BlackElo "2170"]
[PlyCount "115"]
[EventDate "1998.01.09"]
[EventType "swiss"]
[EventRounds "11"]
[EventCountry "NZL"]
[SourceTitle "EXT 1999"]
[Source "ChessBase"]
[SourceDate "1998.11.16"]
[SourceVersion "1"]
[SourceVersionDate "1998.11.16"]
[SourceQuality "1"]

1. e4 c5 2. Nf3 e6 3. d4 cxd4 4. Nxd4 a6 5. Nc3 Qc7 6. f4 d6 7. Be3 Nf6 8. a4 Nc6 9. Be2 Be7 10. 0-0 0-0 11. Nb3 b6 12. Qe1 Rb8 13. Rd1 Rd8 14. Qg3 Bf8 15. Nd4 Nxd4 16. Bxd4 Be7 17. Kh1 Bb7 18. e5 Ne8 19. Qf2 g6 20. Bd3 Ng7 21. a5 bxa5 22. Ba7 dxe5 23. fxe5 Nf5 24. Bxb8 Rxb8 25. Qf4 Bc5 26. Bxf5 exf5 27. e6 Qxf4 28. exf7+ Kxf7 29. Rxf4 Ke6 30. Rc4 Bd6 31. b3 h5 32. Ne2 Be4 33. Nd4+ Kd7 34. Nf3 Ke7 35. Ng5 Ba8 36. Re1+ Kf6 37. Re6+ Kxg5 38. h4+ Kh6 39. Rxd6 Re8 40. Rd2 Re6 41. Rcd4 Re3 42. Kg1 Bc6 43. Kf2 Re7 44. Rd6 Rc7 45. R2d4 Bb5 46. c4 Bc6 47. Re6 Rc8 48. Rdd6 Be8 49. Rxa6 a4 50. bxa4 Bf7 51. Rec6 Rb8 52. Rab6 Ra8 53. Rc7 Bg8 54. a5 Rxa5 55. Rb8 Ra2+ 56. Kf3 Ra3+ 57. Kf4 Bh7 58. Rh8 1-0

[Event "North Island-ch"]
[Site "North Island"]
[Date "1997.??.??"]
[Round "4"]
[White "Barlow, Matthew"]
[Black "Ker, Anthony F"]
[Result "1/2-1/2"]
[WhiteElo "2200"]
[BlackElo "2315"]
[PlyCount "92"]
[EventDate "1997.??.??"]
[EventType "swiss"]
[EventRounds "8"]
[EventCountry "NZL"]
[SourceTitle "EXT 2003"]
[Source "ChessBase"]
[SourceDate "2002.11.25"]
[SourceVersion "1"]
[SourceVersionDate "2002.11.25"]
[SourceQuality "1"]

1. d4 Nf6 2. Nf3 c5 3. g3 cxd4 4. Nxd4 Nc6 5. c4 g6 6. Bg2 Bg7 7. 0-0 0-0 8. Nc3 Nxd4 9. Qxd4 d6 10. Bg5 Be6 11. Qd3 h6 12. Be3 Qc8 13. b3 Bh3 14. Rac1 Bxg2 15. Kxg2 Qc6+ 16. Kg1 Qd7 17. Kg2 Ng4 18. Bf4 Rfd8 19. e4 b6 20. Rfd1 Kh7 21. f3 Nf6 22. Rc2 Qb7 23. Be3 Rd7 24. Rcd2 Rad8 25. Qe2 Ne8 26. Bd4 Bxd4 27. Rxd4 Nc7 28. Nd5 a6 29. Nxc7 Qxc7 30. Qd3 Qc6 31. Rd2 e6 32. Qe2 b5 33. cxb5 axb5 34. Rc2 Qa6 35. Rb4 Rb8 36. a4 Rdb7 37. Rd2 Qa5 38. Rxb5 Rxb5 39. axb5 Rxb5 40. Rxd6 Rxb3 41. Rd2 Qa1 42. Ra2 Qd4 43. Qf2 Qb4 44. Qd2 Qb5 45. Qe2 Qxe2+ 46. Rxe2 Kg7 1/2-1/2

[Event "North Shore CC inv"]
[Site "Auckland"]
[Date "1997.??.??"]
[Round "6"]
[White "Barlow, Matthew"]
[Black "Watson, Bruce R"]
[Result "1-0"]
[WhiteElo "2095"]
[BlackElo "2239"]
[PlyCount "85"]
[EventDate "1997.08.??"]
[EventType "tourn"]
[EventRounds "7"]
[EventCountry "NZL"]
[SourceTitle "EXT 2003"]
[Source "ChessBase"]
[SourceDate "2002.11.25"]
[SourceVersion "1"]
[SourceVersionDate "2002.11.25"]
[SourceQuality "1"]

1. d4 Nf6 2. c4 g6 3. Nc3 Bg7 4. e4 d6 5. f3 0-0 6. Be3 Na6 7. Bd3 c5 8. d5 e6 9. Nge2 exd5 10. exd5 Nh5 11. 0-0 Nb4 12. Bb1 Re8 13. Qd2 Qe7 14. Bf2 f5 15. a3 Bd7 16. Re1 Na6 17. Ng3 Qf6 18. Rxe8+ Rxe8 19. Nxh5 gxh5 20. f4 Nc7 21. Bd3 Kh8 22. Re1 Rg8 23. Be2 Qg6 24. Bf3 Bf6 25. Re2 h4 26. h3 Qg7 27. Qe1 Qh6 28. Qd2 b5 29. cxb5 Bxb5 30. Nxb5 Nxb5 31. Re6 Qg7 32. Qd3 Nd4 33. Rxd6 Qe7 34. Ra6 Rg3 35. Bxg3 hxg3 36. Kf1 c4 37. Qd2 Kg7 38. d6 Qd7 39. Kg1 c3 40. bxc3 Nb3 41. Qe3 Kg6 42. Rxa7 Qxd6 43. Qe8+ 1-0

[Event "NZL-ch"]
[Site "Auckland"]
[Date "1997.??.??"]
[Round "6"]
[White "Guthrie, David"]
[Black "Barlow, Matthew"]
[Result "1/2-1/2"]
[WhiteElo "2100"]
[BlackElo "2200"]
[PlyCount "35"]
[EventDate "1997.??.??"]
[EventType "swiss"]
[EventRounds "11"]
[EventCountry "NZL"]
[SourceTitle "EXT 1998"]
[Source "ChessBase"]
[SourceDate "1997.11.17"]
[SourceVersion "1"]
[SourceVersionDate "1997.11.17"]
[SourceQuality "1"]

1. d4 Nf6 2. Nf3 e6 3. e3 d5 4. c4 Bb4+ 5. Bd2 Be7 6. Bd3 0-0 7. 0-0 c5 8. Nc3 Nc6 9. dxc5 Bxc5 10. cxd5 exd5 11. h3 a6 12. Rc1 Qd6 13. Ne2 Ba7 14. Qa4 Be6 15. Rfd1 Rfe8 16. Bc3 Nd7 17. Qh4 h6 18. Qg3 1/2-1/2